Information society (Record no. 6367)

MARC details
000 -LEADER
fixed length control field 00442nam a2200169Ia 4500
020 ## - INTERNATIONAL STANDARD BOOK NUMBER
ISBN 9780745641805
082 ## - DEWEY DECIMAL CLASSIFICATION NUMBER
Classification number 384.3095 HAS-I
100 ## - MAIN ENTRY--AUTHOR NAME
Personal name Hassan, Robert
245 #0 - TITLE STATEMENT
Title Information society
260 ## - PUBLICATION, DISTRIBUTION, ETC. (IMPRINT)
Place of publication Cambridge
Name of publisher Polity Press
Year of publication 2008
300 ## - PHYSICAL DESCRIPTION
Number of Pages xiii, 266
440 ## - SERIES STATEMENT/ADDED ENTRY--TITLE
Title Digital media and society series
504 ## - BIBLIOGRAPHY, ETC. NOTE
Bibliography, etc includes bibliography, glossary and index
650 ## - SUBJECT ADDED ENTRY--TOPICAL TERM
Topical Term Information Society
650 ## - SUBJECT ADDED ENTRY--TOPICAL TERM
Topical Term Mass Media
942 ## - ADDED ENTRY ELEMENTS (KOHA)
Koha item type Books
Holdings
Withdrawn status Lost status Damaged status Not for loan Home library Current library Date acquired Source of acquisition Bill Date Full call number Accession Number Price effective from Koha item type
        NASSDOC Library NASSDOC Library 28/01/2009 IBD 2008-12-30 384.3095 HAS-I 44965 18/04/2019 Books